LEADER 01031nam a2200241 4500 001 000000350899 003 CaOOAMICUS 005 20220712125646.0 008 220712s1827 it 000 u ita r 026 $eveu- tes- onge capr (C) 1827 (R) 040 $aSeMil$bita 100 01$aDemosthenes,$d<384-322 a.C.>.$0(OLS)http://semarc/name/593 245 10$aVol. 1. 264 1$aMilano :$bPer Nicolò Bettoni,$c1827. 300 $a216, [4] p. ;$c8° 500 $aSegn.: [1]8 2-13/8 14/6 500 $aUltima c. bianca 773 0 $aDemosthenes <384-322 a.C.>$tAringhe di Demostene tradotte da Melchior Cesarotti.$dMilano : Per Nicolò Bettoni, 1827.$kBiblioteca universale di scelta letteratura antica e moderna. Classe greca$g1$w()350886 850 $aSeMil 852 $aSeMil$W1$xVenegono$y1$m2ZB VIII 11 FA$j233554$B241949$CSeMilBibl$Z2$F241949 $8I 996 $6245$aVol. 1$9(OLS)http://semarc/title/13429 996 $6264$aMilano :$bPer Nicolò Bettoni$9(OLS)http://semarc/publisher/36549 LEADER 01114nam a2200229 i 4500 001 000000189631 003 CaOOAMICUS 005 20100513000000.0 008 100513n it u000 u ita u 013 $a167906 040 $aSeMil$bita 100 1 $aScremin, Luigi.$0(OLS)http://semarc/name/24310 245 12$aL'evoluzionismo e l'origine dell'uomo /$cLuigi Scremin. 260 $a[S.l. :$bs.n.,$cs.d.] 300 $a123 p. ;$c25 cm. 500 $aVol. senza front. né coperta. - Titolo della Parte 1., Cap. 2.- Probabilmente estratto da : Piccole polemiche evoluzionistiche, ossia l'evoluzione e l'origine animale dell'uomo nei libri popolari e nei testi scolastici / L. Scremin, Padova : Tipografia del Seminario, 1916. 650 4$aEvoluzionismo.$0(OLS)http://semarc/subject/3892 650 4$aUomo - Origine.$0(OLS)http://semarc/subject/9469 850 $aSeMil 852 $aSeMil$W1$xVenegono$y1$m2X V 141$j140262$B140262$CSeMilBibl$Z2$F151877 $81 996 $6245$aL'evoluzionismo e l'origine dell'uomo$9(OLS)http://semarc/title/273047 996 $6260$a[S.l. :$bs.n.$9(OLS)http://semarc/publisher/31686